Odmeňovanie v príspevkovej organizácii
Postup odmeňovania v príspevkovej organizácii podľa dvoch zákonov: zákona č. 143/1992 Zb. o plate a odmene za pracovnú pohotovosť v znení neskorších predpisov, zákona č. 1/1992 Zb. o mzde, odmene za pracovnú pohotovosť a priemernom záväzku v znení neskorších predpisov. Odpovede na niektoré otázky v...
Salvato in:
| Autore principale: | |
|---|---|
| Natura: | Capitolo di libro |
| Lingua: | slovacco |
| Soggetti: | |
| Tags: |
Nessun Tag, puoi essere il primo ad aggiungerne!!
|
MARC
| LEADER | 00000naa a2200000 4500 | ||
|---|---|---|---|
| 001 | r033196 | ||
| 005 | 20230926072842.7 | ||
| 041 | 0 | |a slo | |
| 044 | |a SK | ||
| 245 | 1 | 0 | |a Odmeňovanie v príspevkovej organizácii |c Ružena Ješinová |
| 520 | |a Postup odmeňovania v príspevkovej organizácii podľa dvoch zákonov: zákona č. 143/1992 Zb. o plate a odmene za pracovnú pohotovosť v znení neskorších predpisov, zákona č. 1/1992 Zb. o mzde, odmene za pracovnú pohotovosť a priemernom záväzku v znení neskorších predpisov. Odpovede na niektoré otázky v odmeňovaní zamestnancov v príspevkovej organizácii. | ||
| 610 | 2 | 0 | |a odmeňovanie |
| 610 | 2 | 0 | |a organizácie príspevkové |
| 610 | 2 | 0 | |a predpisy mzdové |
| 610 | 2 | 0 | |a mzdy |
| 610 | 2 | 0 | |a platy |
| 100 | 1 | |a Ješinová, Ružena | |